Movies Quiz

Random Movies or Clickable Quiz

Aliens vs. Predator: Requiem Cast Match Quiz Stats

 Plays Quiz not verified by Sporcle

Score 0/11 Timer 03:00
0 Plays Today
% Correct
Ian Whyte
45.2%
Tom Woodruff Jr.
41.9%
Reiko Aylesworth
32.3%
Ariel Gade
32.3%
Steven Pasquale
29%
Robert Joy
29%
John Ortiz
22.6%
Kristen Hager
22.6%
Sam Trammell
22.6%
David Paetkau
22.6%
Johnny Lewis
19.4%

You're not logged in!

Compare scores with friends on all Sporcle quizzes.
OR
Log In

Sporcle TV

Today on Sporcle TV


Watch our educational content, quiz creation guides, and fun videos on Sporcle TV.

Show Comments

Extras

Top Quizzes Today


Score Distribution

Your Account Isn't Verified!

In order to create a playlist on Sporcle, you need to verify the email address you used during registration. Go to your Sporcle Settings to finish the process.

Report this User

Report this user for behavior that violates our Community Guidelines.

Details: